| 000 | 01927nam0a2200385 4500 | ||
|---|---|---|---|
| 001 | RU\NLR\bibl\86535 | ||
| 005 | 20260407031003.0 | ||
| 010 |
_a5-233-00347-3 _91000 |
||
| 021 |
_aRU _b1998-47627 _92297 |
||
| 035 | _a(NLR Aleph) 000084529 | ||
| 090 |
_a471979 _c471979 |
||
| 100 | _a20000517d1997 |||y0rusy50 ca | ||
| 101 | 0 | _arus | |
| 102 | _aRU | ||
| 105 | _ay ||||||||| | ||
| 200 | 1 |
_aЭтнокультурологические и этнофилологические проблемы образования _eМатериалы Герцен. чтений, май 1996 _eСветлой памяти проф. Юрия Александровича Сема посвящается _f[Науч. ред. - проф. Т.К. Донская] |
|
| 210 |
_aСПб. _cОбразование _d1997 |
||
| 215 |
_a138 с. _d20 |
||
| 300 | _aВ надзаг.: Рос. гос. пед. ун-т им. А.И. Герцена | ||
| 320 | _aБиблиогр. в подстроч. примеч. | ||
| 600 | 1 |
_aСем _bЮ. А. _gЮрий Александрович _2psbo |
|
| 606 | 0 |
_aФилология _jСборники _9921663 _3RU\NLR\auth\6619068 |
|
| 606 | 0 |
_aФилология _jСъезды, совещания и т.п. _9921663 _3RU\NLR\auth\6619068 |
|
| 606 | 0 |
_aЭтнопедагогика _jСборники _92165171 _3RU\NLR\auth\661302812 |
|
| 606 | 0 |
_aЭтнопедагогика _jСъезды, совещания и т.п. _92165171 _3RU\NLR\auth\661302812 |
|
| 686 | _aШ.я431 | ||
| 686 | _aЧ30в2я431 | ||
| 702 | 1 |
_4570 _8rus _7ca _aДонская _bТ.К. _f1931- _gТамара Константиновна _3RU\NLR\AUTH\7726049 _99093 |
|
| 711 | 1 | 2 |
_4570 _aГерценовские чтения _f1992 _eСанкт-Петербург _3RU\NLR\AUTH\8810012937 _9523718 |
| 801 | 0 |
_aRU _bNLR _c20000517 _gPSBO |
|
| 801 | 1 |
_aRU _bNLR _c20000517 |
|
| 852 |
_aNLR _j99-3/17903 |
||
| 942 | _cBOOK | ||
| 980 | _aNB | ||